000 00296nam a22001097a 4500
082 _a400
100 _aPrasad,S.N.
_978665
245 _aSSC English Language Chapterwise Solved Papers 2023 16800+ Objective Question
260 _aDelhi
_bKiran Publication
_c2023
650 _aenglish
942 _cBK
999 _c66194
_d66194